000 00821nam a22001337a 4500
040 _cRUA
082 _aFOR SAM 2012 B140 Or.1
100 _aSAM, DOEUN.
245 _aImpact assessment of environment for replacement of land forestto rubber plantation sroyong commune kulen district preah vihea province, ការប៉ាន់ប្រមាណពីផលប៉ះពាល់បរិស្ថានចំពោះការកែប្រែដីព្រៃ ទៅជាដីចំការកៅស៊ូ នៅក្នុងឃុំស្រយង់ ស្រុកគូលែន ខេត្តព្រះវិហារ
260 _aPhnom Penh
_bRUA
_c2012
300 _axii; 57p.
_bill.
_c29cm.
856 _uhttps://drive.google.com/file/d/1N5VtFzGNvi_XrY3FpAUOgf4T_s9q59sn/view?usp=sharing
942 _cFOR
999 _c3412
_d3412